| 000 | 00334nam a22001337a 4500 | ||
|---|---|---|---|
| 003 | OSt | ||
| 008 | 250205b |||||||| |||| 00| 0 eng d | ||
| 041 | _aeng | ||
| 100 |
_aArora, SE _96919 |
||
| 245 | _aCourse in Heat and Mass Transfer | ||
| 260 |
_bDhanpat Rai & Sons, _c1990. _aNew Delhi: |
||
| 700 |
_aDomkundwar, S _9789 |
||
| 942 | _cBK | ||
| 999 |
_c19295 _d19295 |
||